Article 1242 du Code Civil - Statistiques

Statistiques générales
  • Ce quiz a été pris 9 fois
  • Le résultat moyen est 19 sur 41
Statistiques - réponses
Réponse % Correct
le
83%
a
67%
cause
67%
causé
67%
celui
67%
de
67%
des
67%
des
67%
est
67%
est
67%
fait
67%
fait
67%
sa
67%
son
67%
du
50%
On
50%
on
50%
on
50%
ou
50%
par
50%
par
50%
qui
50%
choses
33%
dommage
33%
dont
33%
garde.
33%
l'on
33%
l'on
33%
mais
33%
non
33%
personnes
33%
propre
33%
que
33%
que
33%
responsable
33%
seulement
33%
sous
33%
doit
17%
doit
17%
encore
17%
répondre
0%
Aucun quiz correspondant
Distribution des résultats
% des personnes avec chaque résultat
Percentile par nombre de réponses
Votre historique - résultats
Vous n’avez pas pris ce quiz